1444 1549 1054 1719 1854 1292 1548 1876 1419 1207 1944 1881 1423 1599 1388 1599 1263 1957 1279 1341 1529 1421 1437 1941 1754 1421 1257 1765 1787 1184 1881 1007 1932 1462 1639 1342 1435 1246 1060 1730 1335 1511 1452 1274 1638 1413 1241 1663 1384 1382 1928 1192 1488 1236 1626 1362 1115 1554 1148 1807 1287 1306 1641 1701 1094 1049 1808 1384 1680 1845 1586 1267 1080 1269 1650 1016 1296 1465 1291 1963 1248 1407 1253 1352 1411 1239 1404 1699 1327 1714 1044 1914 1052 1277 1544 1729 1252 1849 1927 BCNSPRNW ULIB Ver.6.0+V

เปลี่ยนเป็นภาษาไทย

Change to English
 แสดงรายละเอียดบรรณานุกรม
  กลับหน้าหลัก

Brief Record : Get Marc (ISO 2709) : E-mail record : QR code < ปิดหน้าต่าง
LEADER : 00000nam 2200000uu 4500
001    13399111807
003     ULIB
008    110708s2546||||th 000 0 tha d
050  4 DS570.3^bว386ต 2546
100 0  วัชริน เงินสุข
245 10 พระบาทสมเด็จพระเจ้าอยู่หัวกับปัญหาเศรษฐกิจของประเทศไทย /^cวัชริน เงินสุข
250    พิมพ์ครั้งที่ 1
260    นครสวรรค์ :^bอินทนนท์การพิมพ์ เดอะ เบสท์ เพรส แอนด์ ครีเอชั่น,^c2546
300    127 หน้า :^bภาพประกอบสี
650  7 นครสวรรค์
650  7 พระบาทสมเด็จพระจุลจอมเกล้าเจ้าอยู่หัว
945    ^p0^l0^i019361
945    ^p0^l0^i019362
945    ^p0^l0^i019363
945    ^p0^l0^i019364
945    ^p0^l0^i019365
995    ทศพร
999 ^a ใช้งานได้ทุกระบบ
รายการนี้ยังไม่มีแท็ก
คุณยังไม่ได้ล็อกอิน คุณสามารถมีกิจกรรมร่วมกับเว็บไซต์ได้ แต่ต้องล็อกอินก่อน ::
  ล็อกอิน

รายการสื่อสารสนเทศ

ลำดับที่ ประเภท เลขเรียก/บาร์โค้ด สถานที่ สถานะ
- ไม่พบข้อมูล -

รายการใกล้เคียง
    หัวเรื่อง [นครสวรรค์]

BibComment


ยังไม่เคยถูกคอมเมนท์

คอมเมนท์ทรัพยากรรายการนี้
  คอมเมนท์: พระบาทสมเด็จพระเจ..


 Copyright 2026. Bcnsprnw @Library